| 000 | 00619nam a2200181Ia 4500 | ||
|---|---|---|---|
| 003 | GCL | ||
| 008 | 140319s9999 xx 000 0 ara d | ||
| 040 |
_aGCL / _cGCL |
||
| 082 | 0 | 4 |
_a892.4 _bا ا |
| 100 | 1 | _aابراهيم البحراوى | |
| 245 | 1 | 0 |
_aاضواء على الادب الصهيونىالمعاصر / _cابراهيم البحراوى |
| 300 | _a169 ص | ||
| 490 |
_aكتاب الهلال _v0 |
||
| 650 | 0 | 4 | _aالادب العبرى - العصر الحديث |
| 650 | 0 | 4 | _aالادب العبرى - تاريخ ونقد |
| 650 | 0 | 4 | _aالشعر العبرى - تاريخ ونقد |
| 942 |
_2ddc _cBK |
||
| 999 |
_c47653 _d47653 |
||